000 03387nam a22001577a 4500
041 _aukr
080 _a09
090 _bКІО
100 _aКатеринчик І.О.
245 _aКонтекстна реалізація засобів вторинної номінації невизначено малої кількості в англійській, російській та українській мовах на прикладі збірки оповідань Джека Лондона "Оповідання південних морів"
260 _aОстрог
_bКАФ
_c2007
300 _a68
520 _aВСТУП. РОЗДІЛ 1. ЛЕКСИКО СЕМАНТИЧНЕ ПОЛЕ ТА ЙОГО ДОСЛІДЖЕННЯ. 1.1.Визначення поняття "лексико семантичне поле" та його характерні властивості. 1.2. Лексико семантичне поле як структурний компонент та методи його дослідження. 1.3. Типи семантичних полів. 1.4. Дослідження категорії кількості. РОЗДІЛ 2 . ЛЕКСИКО СЕМАНТИЧНЕ ПОЛЕ МАЛОЇ КІЛЬКОСТІ В АНГЛІЙСЬКІЙ МОВІ. 2.1. Вираження лексико семантичного поля за допомогою слів, які співвідносяться з поняттям "кільткість". 2.2. Прикметники як один із способів вираження малої кількості. 2.3. Іменники, що означають малу кількість. 2.4. Інші частини мови та лексичні компоненти, що використовуються для позначення лексико семантичного поля малої кількості. 2.5. Поняття номінації. 2.6. Типологія номінацій. Вторинна лексична номінація. 2.7. Поняття прямої і непрямої номінації. РОЗДІЛ 3. ПОРІВНЯННЯ КОНТЕКСТНОЇ РЕАЛІЗАЦІЇ ЗАСОБІВ ВТОРИННОЇ НОМІНАЦІЇ НЕВИЗНАЧЕНО МАЛОЇ КІЛЬКОСТІ НА ПРИКЛАДІ ЗБІРКИ ОПОВІДАНЬ дЖЕКА ЛОНДОНА "ОПОВІДАННЯ ПІВДЕННИХ МОРІВ". 3.1. Вторинна номінація невизначено малої кількості. 3.2. Контекстуальний аналіз як метод дослідження функціональної сторони лексико семантичного поля. 3.3. Параметри семантичного поля малої кількості в збірці оповідань Джека Лондона "Оповідання Південних морів". 3.4. Порівняння контекстної веалізації засобів вторинної номінації невизначено малої кількості в англійській та російській мові на прикладі збірки оповідань Джека Лондона "Оповідання Південних морів". ВИСНОВКИ.
_0Засоби вторинної номінації.
650 _aResearch Papers
999 _c283932
_d283932
942 _cBK